<?xml version="1.0" encoding="UTF-8"?>
<record
    xmlns:xsi="http://www.w3.org/2001/XMLSchema-instance"
    xsi:schemaLocation="http://www.loc.gov/MARC21/slim http://www.loc.gov/standards/marcxml/schema/MARC21slim.xsd"
    xmlns="http://www.loc.gov/MARC21/slim">

  <leader>01402nam a22002417a 4500</leader>
  <controlfield tag="003">OSt</controlfield>
  <controlfield tag="005">20210308171149.0</controlfield>
  <controlfield tag="008">210308t2015    ck ao||gr|||| 00| 0 spa d</controlfield>
  <datafield tag="020" ind1=" " ind2=" ">
    <subfield code="a">9789588912479</subfield>
  </datafield>
  <datafield tag="040" ind1=" " ind2=" ">
    <subfield code="a">CO-JMCR</subfield>
    <subfield code="c">CO-JMCR</subfield>
  </datafield>
  <datafield tag="041" ind1="0" ind2=" ">
    <subfield code="a">spa</subfield>
  </datafield>
  <datafield tag="082" ind1="0" ind2="4">
    <subfield code="a">338.9861 /</subfield>
    <subfield code="b">F981d</subfield>
    <subfield code="2">23</subfield>
  </datafield>
  <datafield tag="110" ind1="2" ind2=" ">
    <subfield code="a">Fundaci&#xF3;n Buen Gobierno</subfield>
    <subfield code="9">14583</subfield>
  </datafield>
  <datafield tag="245" ind1="1" ind2="0">
    <subfield code="a">Debates para construir un mejor pa&#xED;s / </subfield>
    <subfield code="c">Fundaci&#xF3;n Buen Gobierno</subfield>
  </datafield>
  <datafield tag="250" ind1=" " ind2=" ">
    <subfield code="a">Primera edici&#xF3;n</subfield>
  </datafield>
  <datafield tag="260" ind1=" " ind2=" ">
    <subfield code="a">Bogot&#xE1; : </subfield>
    <subfield code="b">Fundaci&#xF3;n Buen Gobierno, </subfield>
    <subfield code="c">&#xA9;2015</subfield>
  </datafield>
  <datafield tag="300" ind1=" " ind2=" ">
    <subfield code="a">154 p&#xE1;ginas : </subfield>
    <subfield code="b">ilustraciones y fotograf&#xED;as a color ; </subfield>
    <subfield code="c">22 cm.</subfield>
  </datafield>
  <datafield tag="505" ind1="0" ind2=" ">
    <subfield code="a">Foro Metro en Bogot&#xE1; &#xBF;ilusi&#xF3;n o realidad? -- Foro Marihuana Medicinal &#xBF;prejuicio u oportunidad? -- Foro Futuro de la econom&#xED;a colombiana, hacia un crecimiento sostenido -- Foro Por la paz en Colombia -- Foro Adopci&#xF3;n y matrimonio igualitario, un camino inconcluso -- Foro Accesos a Bogot&#xE1;, propuestas para la movilidad -- Foro Eutanasia en Colombia &#xBF;verdadero derecho? -- Foro Democracia de nueva generaci&#xF3;n para las Am&#xE9;ricas -- Foro Plan de Ordenamiento Territorial, buen uso del suelo -- Foro Colombia Bilingue, el reto de las regiones -- Foro Aborto legal en Colombia: presente y futuro</subfield>
  </datafield>
  <datafield tag="610" ind1="2" ind2="4">
    <subfield code="a">Fundaci&#xF3;n Buen Gobierno</subfield>
    <subfield code="x">actividades</subfield>
    <subfield code="9">14584</subfield>
  </datafield>
  <datafield tag="650" ind1="1" ind2="4">
    <subfield code="a">Planificaci&#xF3;n regional</subfield>
    <subfield code="y">Siglo XXI</subfield>
    <subfield code="z">Colombia</subfield>
    <subfield code="9">14585</subfield>
  </datafield>
  <datafield tag="650" ind1="1" ind2="4">
    <subfield code="a">Democracia</subfield>
    <subfield code="x">debates</subfield>
    <subfield code="z">Colombia</subfield>
    <subfield code="9">14586</subfield>
  </datafield>
  <datafield tag="942" ind1=" " ind2=" ">
    <subfield code="2">ddc</subfield>
    <subfield code="c">BK</subfield>
  </datafield>
  <datafield tag="999" ind1=" " ind2=" ">
    <subfield code="c">7501</subfield>
    <subfield code="d">7501</subfield>
  </datafield>
  <datafield tag="952" ind1=" " ind2=" ">
    <subfield code="0">0</subfield>
    <subfield code="1">0</subfield>
    <subfield code="2">ddc</subfield>
    <subfield code="4">0</subfield>
    <subfield code="7">0</subfield>
    <subfield code="8">NFIC</subfield>
    <subfield code="a">CPL</subfield>
    <subfield code="b">CPL</subfield>
    <subfield code="d">2020-10-02</subfield>
    <subfield code="e">Donaci&#xF3;n</subfield>
    <subfield code="o">338.9861 / F981d</subfield>
    <subfield code="p">201810750</subfield>
    <subfield code="r">2024-05-16 00:00:00</subfield>
    <subfield code="t">Ej.1</subfield>
    <subfield code="w">2021-03-08</subfield>
    <subfield code="y">BK</subfield>
  </datafield>
</record>
